000 00441nam a2200145Ia 4500
008 230801s9999||||xx |||||||||||||| ||und||
020 _a9788120335455
082 _a658.3
_bH5721
100 _aHersey, Paul; Blanchard, Kenneth H. & Johnson, Dewey E
245 0 _aManagement of organizational behavior: utilizing human resources
250 _a9th
260 _aNew Delhi
_bPHI Learning Pvt Ltd.
_c2009
300 _axvi, 334 p.
942 _cBK
999 _c27053
_d27053